The Political Works of Dante Gabriel Rossetti (Record no. 36573)
[ view plain ]
| 000 -LEADER | |
|---|---|
| fixed length control field | 004500000a22001690004500 |
| 003 - CONTROL NUMBER IDENTIFIER | |
| control field | MACL |
| 005 - DATE AND TIME OF LATEST TRANSACTION | |
| control field | 20160106165559.0 |
| 008 - FIXED-LENGTH DATA ELEMENTS--GENERAL INFORMATION | |
| fixed length control field | 160106b xxu||||| |||| 00| 0 eng d |
| 040 ## - CATALOGING SOURCE | |
| Original cataloging agency | MACL |
| Transcribing agency | MACL |
| 041 ## - LANGUAGE CODE | |
| Language code of text/sound track or separate title | English |
| 082 ## - DEWEY DECIMAL CLASSIFICATION NUMBER | |
| Classification number | 821/ROS |
| 100 ## - MAIN ENTRY--PERSONAL NAME | |
| Personal name | Rossetti, William M |
| 9 (RLIN) | 28982 |
| 245 ## - TITLE STATEMENT | |
| Title | The Political Works of Dante Gabriel Rossetti |
| 260 ## - PUBLICATION, DISTRIBUTION, ETC. (IMPRINT) | |
| Name of publisher, distributor, etc. | Thomas Y Crowell & Company |
| Place of publication, distribution, etc. | New York |
| 650 ## - SUBJECT ADDED ENTRY--TOPICAL TERM | |
| Topical term or geographic name as entry element | Poetry |
| 9 (RLIN) | 28983 |
| 942 ## - ADDED ENTRY ELEMENTS (KOHA) | |
| Koha item type | Books |
| Call number prefix | 821/ROS |
| Source of classification or shelving scheme | |
No items available.









